| 000 | 00555cam a22002171 4500 | ||
|---|---|---|---|
| 001 | sa 67005147 | ||
| 003 | DLC | ||
| 005 | 20260227112354.0 | ||
| 008 | 890406s1965 xx 000 0 hino | ||
| 010 | _asa 67005147 | ||
| 035 | _a(OCoLC)23573850 | ||
| 040 |
_aDLC _cMiU _dDLC |
||
| 042 | _apremarc | ||
| 050 | 0 | 0 |
_aGR304.B3 _bR8 |
| 100 | 1 |
_aRooman, Anwar, _d1924- _ecomp. |
|
| 245 | 1 | 0 | _aBarohī kī lok kahāniyān. |
| 260 | _c[1965] | ||
| 300 |
_a16, 97 p. _c19 cm. |
||
| 500 | _aRomanized. | ||
| 650 | 0 |
_aBaluchi (Southwest Asian people) _xFolklore |
|
| 999 |
_c75000 _d75000 |
||